000 00287nam a2200109Ia 4500
008 200302s9999 xx 000 0 und d
100 _aAuthor
245 _aAnnual of Architecture Structure & Town-Planning
260 _bThe Publishing Corporation of India
260 _c1960
300 _a516 P.,
999 _c13
_d13